| 000 | 00875 a2200193 4500 | ||
|---|---|---|---|
| 003 | NUST | ||
| 005 | 20251125160044.0 | ||
| 040 | _cNust | ||
| 082 | _a621.382,KHA | ||
| 100 |
_aKhan, Zarrar Ali (TCC-20) _9132086 |
||
| 245 |
_aImplementation of synchronization free speech scrambling module / _cZarrar Ali Khan, Khawar Hussain and Sarmad Nadeem |
||
| 260 |
_aRawalpindi _bMCS (NUST) _c2012 |
||
| 300 | _avii, 55 p.; | ||
| 505 | _aIntroduction (Page-11), Background (Page-11), The Proposed Technique system Design (Page-20), System Development (Page-29), Software implementation (Page-29), System Development II (Page-40), Hardware Implementation (Page-40), System Analysis and Future Work (Page-50), Bibliography (Page-55). | ||
| 650 |
_aUG Project _9131132 |
||
| 651 |
_aTCC-20 _9131219 |
||
| 700 |
_aSupervised by Brig (R) Dr. Ashraf Masood _9132087 |
||
| 942 |
_cPR _2ddc |
||
| 999 |
_c190752 _d190752 |
||